<?xml version="1.0" encoding="UTF-8"?>
<record
    xmlns:xsi="http://www.w3.org/2001/XMLSchema-instance"
    xsi:schemaLocation="http://www.loc.gov/MARC21/slim http://www.loc.gov/standards/marcxml/schema/MARC21slim.xsd"
    xmlns="http://www.loc.gov/MARC21/slim">

  <leader>02255nam0a22003251  4500</leader>
  <controlfield tag="001">v19\rc\1541412</controlfield>
  <controlfield tag="005">20250618201117.0</controlfield>
  <datafield tag="035" ind1=" " ind2=" ">
    <subfield code="a">(NLR Aleph) 004689796</subfield>
  </datafield>
  <datafield tag="090" ind1=" " ind2=" ">
    <subfield code="a">3919174</subfield>
    <subfield code="c">3919173</subfield>
  </datafield>
  <datafield tag="100" ind1=" " ind2=" ">
    <subfield code="a">20060620e18891889|||y0rusy50      ca</subfield>
  </datafield>
  <datafield tag="101" ind1="0" ind2=" ">
    <subfield code="a">rus</subfield>
  </datafield>
  <datafield tag="102" ind1=" " ind2=" ">
    <subfield code="a">RU</subfield>
  </datafield>
  <datafield tag="105" ind1=" " ind2=" ">
    <subfield code="a">y   z   |||||</subfield>
  </datafield>
  <datafield tag="200" ind1="1" ind2=" ">
    <subfield code="a">&#x422;&#x440;&#x435;&#x442;&#x44C;&#x44F; &#x440;&#x435;&#x446;&#x435;&#x43D;&#x437;&#x438;&#x44F; &#x43D;&#x430; &#x442;&#x440;&#x435;&#x442;&#x44C;&#x435; &#x441;&#x43E;&#x447;&#x438;&#x43D;&#x435;&#x43D;&#x438;&#x435; &#x424;.&#x412;. &#x424;&#x430;&#x440;&#x440;&#x430;&#x440;&#x430; "&#x41F;&#x435;&#x440;&#x432;&#x44B;&#x435; &#x434;&#x43D;&#x438; &#x445;&#x440;&#x438;&#x441;&#x442;&#x438;&#x430;&#x43D;&#x441;&#x442;&#x432;&#x430;" &#x43F;&#x43E; &#x43F;&#x435;&#x440;&#x435;&#x432;&#x43E;&#x434;&#x443; &#x441; &#x43F;&#x43E;&#x441;&#x43B;&#x435;&#x434;&#x43D;&#x435;&#x433;&#x43E; &#x430;&#x43D;&#x433;&#x43B;. &#x438;&#x437;&#x434;&#x430;&#x43D;&#x438;&#x44F; &#x410;.&#x41F;. &#x41B;&#x43E;&#x43F;&#x443;&#x445;&#x438;&#x43D;&#x430;, &#x432; &#x438;&#x437;&#x434;&#x430;&#x43D;&#x438;&#x438; &#x43A;&#x43D;&#x438;&#x433;&#x43E;&#x43F;&#x440;&#x43E;&#x434;&#x430;&#x432;&#x446;&#x430; &#x418;.&#x41B;. &#x422;&#x443;&#x437;&#x43E;&#x432;&#x430; &#x43E;&#x442; 1888 &#x433;&#x43E;&#x434;&#x430;</subfield>
    <subfield code="f">[&#x41F;.&#x412;.]</subfield>
  </datafield>
  <datafield tag="210" ind1=" " ind2=" ">
    <subfield code="a">&#x41A;&#x43E;&#x441;&#x442;&#x440;&#x43E;&#x43C;&#x430;</subfield>
    <subfield code="c">&#x413;&#x443;&#x431;. &#x442;&#x438;&#x43F;.</subfield>
    <subfield code="d">1889 (&#x43E;&#x431;&#x43B;. 1890)</subfield>
  </datafield>
  <datafield tag="215" ind1=" " ind2=" ">
    <subfield code="a">[2], 79 &#x441;.</subfield>
    <subfield code="d">24</subfield>
  </datafield>
  <datafield tag="300" ind1=" " ind2=" ">
    <subfield code="a">&#x410;&#x432;&#x442;. &#x440;&#x430;&#x441;&#x43A;&#x440;&#x44B;&#x442; &#x43F;&#x43E; &#x430;&#x43D;&#x430;&#x43B;&#x43E;&#x433;&#x438;&#x438; &#x441; &#x434;&#x440;. &#x435;&#x433;&#x43E; &#x43F;&#x440;&#x43E;&#x438;&#x437;&#x432;&#x435;&#x434;&#x435;&#x43D;&#x438;&#x44F;&#x43C;&#x438;</subfield>
  </datafield>
  <datafield tag="311" ind1=" " ind2=" ">
    <subfield code="a">&#x418;&#x437; &#x2116; 4, 6, 9, 11, 15, 18-20 1889 &#x433;. &#x438; &#x2116; 1 &#x438; 3 1890 &#x433;. "&#x41A;&#x43E;&#x441;&#x442;&#x440;&#x43E;&#x43C;. &#x435;&#x43F;&#x430;&#x440;&#x445;. &#x432;&#x435;&#x434;."</subfield>
  </datafield>
  <datafield tag="470" ind1=" " ind2="0">
    <subfield code="1">2001#$a&#x41F;&#x435;&#x440;&#x432;&#x44B;&#x435; &#x434;&#x43D;&#x438; &#x445;&#x440;&#x438;&#x441;&#x442;&#x438;&#x430;&#x43D;&#x441;&#x442;&#x432;&#x430;$e&#x41F;&#x43E; &#x43F;&#x435;&#x440;&#x435;&#x432;&#x43E;&#x434;&#x443; &#x441; &#x43F;&#x43E;&#x441;&#x43B;&#x435;&#x434;&#x43D;&#x435;&#x433;&#x43E; &#x430;&#x43D;&#x433;&#x43B;. &#x438;&#x437;&#x434;&#x430;&#x43D;&#x438;&#x44F; &#x410;.&#x41F;. &#x41B;&#x43E;&#x43F;&#x443;&#x445;&#x438;&#x43D;&#x430;, &#x432; &#x438;&#x437;&#x434;. &#x43A;&#x43D;&#x438;&#x433;&#x43E;&#x43F;&#x440;&#x43E;&#x434;&#x430;&#x432;&#x446;&#x430; &#x418;.&#x41B;. &#x422;&#x443;&#x437;&#x43E;&#x432;&#x430; &#x43E;&#x442; 1888 &#x433;&#x43E;&#x434;&#x430;</subfield>
    <subfield code="1">700#1$a&#x424;&#x430;&#x440;&#x440;&#x430;&#x440;$b&#x424;.-&#x412;.$f1831-1903$g&#x424;&#x440;&#x435;&#x434;&#x435;&#x440;&#x438;&#x43A;-&#x412;&#x438;&#x43B;&#x44C;&#x44F;&#x43C;</subfield>
    <subfield code="t">&#x41F;&#x435;&#x440;&#x432;&#x44B;&#x435; &#x434;&#x43D;&#x438; &#x445;&#x440;&#x438;&#x441;&#x442;&#x438;&#x430;&#x43D;&#x441;&#x442;&#x432;&#x430;</subfield>
    <subfield code="a">&#x424;&#x430;&#x440;&#x440;&#x430;&#x440;, &#x424;&#x440;&#x435;&#x434;&#x435;&#x440;&#x438;&#x43A;-&#x412;&#x438;&#x43B;&#x44C;&#x44F;&#x43C; (1831-1903)</subfield>
  </datafield>
  <datafield tag="488" ind1=" " ind2="0">
    <subfield code="1">2001#$a&#x41A;&#x43E;&#x441;&#x442;&#x440;&#x43E;&#x43C;&#x441;&#x43A;&#x438;&#x435; &#x435;&#x43F;&#x430;&#x440;&#x445;&#x438;&#x430;&#x43B;&#x44C;&#x43D;&#x44B;&#x435; &#x432;&#x435;&#x434;&#x43E;&#x43C;&#x43E;&#x441;&#x442;&#x438;$v1889, &#x2116; 4, 6, 9, 11, 15, 18-20; 1890, &#x2116; 1, 3</subfield>
    <subfield code="t">&#x41A;&#x43E;&#x441;&#x442;&#x440;&#x43E;&#x43C;&#x441;&#x43A;&#x438;&#x435; &#x435;&#x43F;&#x430;&#x440;&#x445;&#x438;&#x430;&#x43B;&#x44C;&#x43D;&#x44B;&#x435; &#x432;&#x435;&#x434;&#x43E;&#x43C;&#x43E;&#x441;&#x442;&#x438;</subfield>
  </datafield>
  <datafield tag="532" ind1="1" ind2="0">
    <subfield code="a">&#x422;&#x440;&#x435;&#x442;&#x44C;&#x44F; &#x440;&#x435;&#x446;&#x435;&#x43D;&#x437;&#x438;&#x44F; &#x43D;&#x430; &#x442;&#x440;&#x435;&#x442;&#x44C;&#x435; &#x441;&#x43E;&#x447;&#x438;&#x43D;&#x435;&#x43D;&#x438;&#x435; &#x424;&#x440;&#x435;&#x434;&#x435;&#x440;&#x438;&#x43A;&#x430; &#x412;&#x438;&#x43B;&#x44C;&#x44F;&#x43C;&#x430; &#x424;&#x430;&#x440;&#x440;&#x430;&#x440;&#x430; "&#x41F;&#x435;&#x440;&#x432;&#x44B;&#x435; &#x434;&#x43D;&#x438; &#x445;&#x440;&#x438;&#x441;&#x442;&#x438;&#x430;&#x43D;&#x441;&#x442;&#x432;&#x430;" &#x43F;&#x43E; &#x43F;&#x435;&#x440;&#x435;&#x432;&#x43E;&#x434;&#x443; &#x441; &#x43F;&#x43E;&#x441;&#x43B;&#x435;&#x434;&#x43D;&#x435;&#x433;&#x43E; &#x430;&#x43D;&#x433;&#x43B;. &#x438;&#x437;&#x434;&#x430;&#x43D;&#x438;&#x44F; &#x410;.&#x41F;. &#x41B;&#x43E;&#x43F;&#x443;&#x445;&#x438;&#x43D;&#x430;, &#x432; &#x438;&#x437;&#x434;&#x430;&#x43D;&#x438;&#x438; &#x43A;&#x43D;&#x438;&#x433;&#x43E;&#x43F;&#x440;&#x43E;&#x434;&#x430;&#x432;&#x446;&#x430; &#x418;.&#x41B;. &#x422;&#x443;&#x437;&#x43E;&#x432;&#x430; &#x43E;&#x442; 1888 &#x433;&#x43E;&#x434;&#x430;</subfield>
  </datafield>
  <datafield tag="700" ind1=" " ind2="1">
    <subfield code="9">z01790</subfield>
    <subfield code="a">&#x412;&#x438;&#x43D;&#x43E;&#x433;&#x440;&#x430;&#x434;&#x43E;&#x432;</subfield>
    <subfield code="b">&#x41F;.&#x422;.</subfield>
    <subfield code="g">&#x41F;&#x435;&#x442;&#x440; &#x422;&#x438;&#x445;&#x43E;&#x43D;&#x43E;&#x432;&#x438;&#x447;</subfield>
  </datafield>
  <datafield tag="790" ind1=" " ind2="0">
    <subfield code="9">z01700</subfield>
    <subfield code="a">&#x41F;.&#x412;.</subfield>
  </datafield>
  <datafield tag="801" ind1=" " ind2="0">
    <subfield code="a">RU</subfield>
    <subfield code="b">NLR</subfield>
    <subfield code="g">psbo</subfield>
  </datafield>
  <datafield tag="801" ind1=" " ind2="0">
    <subfield code="a">RU</subfield>
    <subfield code="b">RuMoRGB</subfield>
    <subfield code="2">psbo</subfield>
  </datafield>
  <datafield tag="801" ind1=" " ind2="1">
    <subfield code="a">RU</subfield>
    <subfield code="b">ProSoft-M</subfield>
    <subfield code="2">rusmarc</subfield>
  </datafield>
  <datafield tag="852" ind1=" " ind2=" ">
    <subfield code="a">NLR</subfield>
    <subfield code="j">18.275.1.66</subfield>
  </datafield>
  <datafield tag="899" ind1=" " ind2=" ">
    <subfield code="a">RuMoRGB</subfield>
    <subfield code="j">A 176/173</subfield>
  </datafield>
  <datafield tag="942" ind1=" " ind2=" ">
    <subfield code="c">BOOK</subfield>
  </datafield>
  <datafield tag="980" ind1=" " ind2=" ">
    <subfield code="a">NB</subfield>
  </datafield>
  <datafield tag="995" ind1=" " ind2=" ">
    <subfield code="5">2013-10-26</subfield>
    <subfield code="b">NLR02</subfield>
    <subfield code="c">NLR02</subfield>
    <subfield code="e">RFS</subfield>
    <subfield code="f">4689796-10</subfield>
    <subfield code="k">18.275.1.66</subfield>
    <subfield code="o">0</subfield>
    <subfield code="r">BOOK</subfield>
    <subfield code="s">18275166_</subfield>
  </datafield>
</record>
